000 00705nam a2200157Ia 4500
008 240428s9999||||xx |||||||||||||| ||und||
041 _aeng
082 _a33333***
100 _aOfori-Atta, Ken
245 0 _aParliamentary memorandum by the Minister of Finance (Hon. Ken ofori –Atta) on request for approval for tax and duty waiver on equipment, materials and vehicles in respect of the Tamale Airport Phase II project
260 _bParliment of Ghana
_aAccra
_c2020
300 _a22p.
650 _amilitary airport - Ghana airport company limited - Messrs. QC Construction UK Limited - Tamale Airport Phase II project - request for approval for tax and duty waiver
942 _cAR
999 _c433
_d433